Geography Quiz

Random Geography or Flags Quiz

Flag Selection: Africa Quiz Stats

 Plays Quiz Updated Apr 16, 2018

Also try: African Flag Maps
Challenge
Share
Tweet
Score 0/18 Timer 04:00
45 Plays Today
% Correct
Togo
89.7%
South Sudan
87.6%
Zimbabwe
87.3%
Tanzania
86.3%
Seychelles
85.9%
Djibouti
85.9%
Uganda
85.8%
Mali
82%
Gabon
79.2%
% Correct
Botswana
78.4%
Mauritania
77.8%
Morocco
77.6%
Sierra
Leone
76.9%
Egypt
75.9%
Madagascar
75.6%
Liberia
73%
Tunisia
68.8%
Niger
61.8%

You're not logged in!

Compare scores with friends on all Sporcle quizzes.
OR
Log In

You Might Also Like...

Show Comments

Extras

Top Quizzes Today


Score Distribution

Your Account Isn't Verified!

In order to create a playlist on Sporcle, you need to verify the email address you used during registration. Go to your Sporcle Settings to finish the process.

Report this User

Report this user for behavior that violates our Community Guidelines.

Details: